000 00939nam a22002652 4500
005 20070419102910.0
008 820323s1923 enk 000 0 eng
010 _aENG-91959
020 _a9788174875778
_c350.00
020 _a8174875778
_c350.00
035 _aEN-75492
037 _bDBAD / PUB
040 _adpl
_bEnglish
082 _a921
245 _aRadhakamal Mukerjee:
_ban eminent scholar, saint and social worker /
_cedited by G.R. Madan
260 _aNew Delhi
_bRadha Publications
_c2008
300 _axx, 231p.
_c22 cm (Hb)
500 _aIncludes index
600 _aMukherjee, Radhakamal, 1889-1968
650 _aSocial reformers
_zIndia
_xBiography.
650 _aSocial scientists
_zIndia
_xBiography.
700 _aMadan, G.R.
942 _2ddc
_cEN
_mMUK
_h921
999 _c19384
_d19384